Los recursos arqueológicos de Costa Rica y su preservación
Guardado en:
| Hovedforfatter: | |
|---|---|
| Format: | Texto |
| Udgivet: |
San José:
Ministerio de Cultura,
Juventud y Deportes
|
| Tags: |
Tilføj Tag
Ingen Tags, Vær først til at tagge denne postø!
|
MARC
| LEADER | 00000 a a2200000 04500 | ||
|---|---|---|---|
| 001 | 15459 | ||
| 003 | |||
| 040 | |||
| 090 | |a 016600 | ||
| 100 | |a Lange, Frederick W. | ||
| 245 | |a Los recursos arqueológicos de Costa Rica y su preservación | ||
| 260 | |a San José: |b Ministerio de Cultura, |c Juventud y Deportes | ||
| 300 | |a 55 p. | ||
| 999 | |c 15984 |d 15984 | ||
